000 00856nam a2200277Ia 4500
003 OSt
005 20221006151036.0
006 a|||||r|||| 00| 0
007 ta
008 221006b |||||||| |||| 00| 0 jpn d
020 _c¥800
024 _a20,749
037 _bGift, Japan Foundation
_cTextual
040 _aEASL
_cEASL
_bjpn
041 _2jpn
_ajpn
082 _aX6.42.N5, K5
100 _aTATE Ryuichiro Ed.
_9658164
245 0 _aKeizai seicho to zaisei kinyu
_b Tokyo keizai kenkyu senta shusai dai ni kai konfurensu gijiroku
260 _aTokyo
_bIwanami Shoten Japan
_c1965
300 _a305p.
_ccm.
490 _v JL
650 _aJL
700 _a WATANABE Norihiko Ed.
_9658165
942 _hX6.42.N5, K5
_cTEXL
_2CC
999 _c1088835
_d1088835